Estadísticas para Nombra una Lengua Oficial A-Z

Haz click aquí para tomar la prueba!

Estadísticas generales

  • Esta prueba ha sido tomada 6.396 veces
  • La puntuación promedio es 17 de 22

Estadísticas de respuestas

LetraLengua% Correcto
AAlemán | Árabe | Armenio | +5
98%
EEspañol | Eslovaco | Estonio | Esloveno
98%
FFrancés | Finés | Filipino | Fiyiano
97%
IInglés | Italiano | Islandés | Indonesio | Irlandés
97%
CChino | Coreano | Checo | +8
94%
PPortugués | Polaco | Persa | Pastun | Palauano
91%
RRuso | Rumano | Romanche
90%
DDanés | Dari | Dzongkha
85%
SSueco | Serbio | Somalí | +9
81%
MMandarín | Moldavo | Montenegrino | +8
80%
NNoruego | Neerlandés | Nepali | +3
79%
BBúlgaro | Bosnio | Bielorruso | +4
78%
GGriego | Georgiano | Guaraní | Gilbertes
76%
JJaponés | Jemer | Josa
75%
HHúngaro | Hebreo | Hindi | Hiri Motu
74%
TTurco | Tailandés | Tayiko | +8
74%
LLetón | Lituano | Luxemburgués | Laosiano
72%
UUcraniano | Uzbeko | Urdu
66%
VVietnamita | Venda
49%
QQuechua
43%
KKazajo | Kirguís | Kurdo | Kirundi | Kinyarwanda
42%
ZZulú
35%

Distribución de puntuación

Porcentaje por número respondido

Porcentaje de gente con cada puntuación

Historial de tus puntuaciones

No has tomado esta prueba